Sports biomechanics : (Record no. 115666)
[ view plain ]
| 000 -LEADER | |
|---|---|
| fixed length control field | 00673nam a2200217Ia 4500 |
| 008 - FIXED-LENGTH DATA ELEMENTS--GENERAL INFORMATION | |
| fixed length control field | 140429s9999 xx 000 0 und d |
| 020 ## - INTERNATIONAL STANDARD BOOK NUMBER | |
| International Standard Book Number | 9780415558389 |
| 050 ## - LIBRARY OF CONGRESS CALL NUMBER | |
| Classification number | RC 1235 |
| Item number | .B37 2012 |
| 100 ## - MAIN ENTRY--PERSONAL NAME | |
| Personal name | Bartlett, Roger |
| 245 ## - TITLE STATEMENT | |
| Title | Sports biomechanics : |
| Remainder of title | reducing injury risk and improving sports performance / |
| Statement of responsibility, etc | Roger Bartlett and Melanie Bussey. |
| 250 ## - EDITION STATEMENT | |
| Edition statement | 2nd ed. |
| 260 ## - PUBLICATION, DISTRIBUTION, ETC. (IMPRINT) | |
| Place of publication, distribution, etc | New York : |
| Name of publisher, distributor, etc | Routledge, |
| Date of publication, distribution, etc | c2012. |
| 300 ## - PHYSICAL DESCRIPTION | |
| Extent | 341 p. : |
| Other physical details | ill. ; |
| Dimensions | 25 cm. |
| 500 ## - GENERAL NOTE | |
| General note | Includes index. |
| 521 ## - TARGET AUDIENCE NOTE | |
| Target audience note | |
| 650 ## - SUBJECT ADDED ENTRY--TOPICAL TERM | |
| Topical term or geographic name as entry element | Human mechanics. |
| 650 ## - SUBJECT ADDED ENTRY--TOPICAL TERM | |
| Topical term or geographic name as entry element | Sports injuries |
| General subdivision | Prevention. |
| 650 ## - SUBJECT ADDED ENTRY--TOPICAL TERM | |
| Topical term or geographic name as entry element | Sports |
| General subdivision | Physiological aspects. |
| 942 ## - ADDED ENTRY ELEMENTS (KOHA) | |
| Call number prefix | Foreign |
| Koha item type | Books |
| Withdrawn status | Lost status | Damaged status | Home library | Current library | Shelving location | Date acquired | Source of acquisition | Cost, normal purchase price | Total Checkouts | Full call number | Barcode | Date last seen | Price effective from | Koha item type |
|---|---|---|---|---|---|---|---|---|---|---|---|---|---|---|
| College Library | College Library | Reserve Section | 04/29/2014 | Library Fund | 3299.00 | RC 1235 .B37 2012 | C16989 | 05/15/2018 | 04/29/2014 | Books |